000 00976nam a2200229 i 4500
001 179953
003 ES-MaACL
005 20250823063128.0
008 120307m19941997sp | |||| ||spa d
020 _a84-7506-408-6
080 _a2(081) Luis de Granada (O.P.)
100 0 _aLuis de Granada,
_c(O.P.),
_d1504-1588
_974687
245 1 0 _aObras castellanas /
_cFray Luis de Granada ; [edición y prólogo de Cristóbal Cuevas].
260 _aMadrid :
_bTurner,
_c1994-1997.
300 _a2 v. ;
_c23 cm.
490 1 _aBiblioteca Castro
505 8 _aContiene: 1. Prólogo galeato. Dos meditaciones. Primera guía de pecadores. Segunda guía de pecadores -- 2. Libro de la oración y meditación. Tratado de la oración y meditación. Recopilación breve del Libro de la oración y meditación
700 0 _aCuevas García, Cristóbal,
_d1933-2013
_942107
830 0 _aBiblioteca Castro
_9178957
852 _aES-MaACL
_jL-29819-20
999 _c179953
_d179953